| 000 | 02728nam0a2200457 4500 | ||
|---|---|---|---|
| 001 | RU\NLR\bibl\1798161 | ||
| 005 | 20260407063621.0 | ||
| 010 |
_a978-5-9584-0276-2 _92000 |
||
| 021 |
_aRU _b2011-53938 _93842 |
||
| 035 | _a(nilc)LIBNET\0000178218 | ||
| 035 | _aROSTOV\BIBL\z0000293845 | ||
| 035 | _a(NLR Aleph) 001788842 | ||
| 090 |
_a1744399 _c1744399 |
||
| 100 | _a20111014d2011 |||y0rusy50 ca | ||
| 101 | 0 | _arus | |
| 102 | _aRU | ||
| 105 | _aa ||||||||| | ||
| 106 | _ar | ||
| 200 | 1 |
_aЭкологическое право России _eпрактикум _eучебное пособие для вузов _e[для студентов вузов, обучающихся по направлению 521400 "Юриспруденция" и специальности 021100 "Юриспруденция" _eдля юридических факультетов университетов и юридических высших учебных заведений _fЮрид. фак. Моск. гос. ун-та им. М.В. Ломоносова, Каф. экол. и земел. права _gВасильева М.И. д.ю.н., проф. и др.] _gпод общ. ред. д.ю.н., проф. А.К. Голиченкова |
|
| 205 | _a4-е изд., перераб. и доп. | ||
| 210 |
_aМосква _cГородец _d2011 |
||
| 215 |
_aXX, 329 с. _cил., схем. _d22 |
||
| 320 | _aБиблиогр.: с. 235-264, в тексте и в подстроч. примеч. | ||
| 606 | 1 |
_aЭкологическое право _jУчебные издания для высших учебных заведений _yРоссийская Федерация _92073085 _3RU\NLR\auth\661247957 |
|
| 610 | 0 | _aЭкологическое право | |
| 610 | 0 | _aРоссийская Федерация | |
| 610 | 0 | _aУчебные издания для вузов | |
| 686 |
_a67.625я73 _vLBC/RL _2rubbk |
||
| 686 | _aХ625.9я73 | ||
| 702 | 1 |
_4220 _8rus _7ca _aВасильева _bМ. И. _cд-р юрид. наук _gМария Ивановна _3RU\NLR\auth\7730387 _913407 |
|
| 702 | 1 |
_4340 _8rus _7ca _aГоличенков _bА. К. _f1952- _gАлександр Константинович _3RU\NLR\auth\7719421 _92493 |
|
| 712 | 0 | 2 |
_4570 _aМГУ им. М. В. Ломоносова _bКафедра экологического и земельного права _3RU\NLR\AUTH\8810030969 _9560589 |
| 801 | 0 |
_aRU _bДонская ГПБ _c20111014 _grcr |
|
| 801 | 1 |
_aRU _bДонская ГПБ _c20111014 _2rusmarc |
|
| 801 | 2 |
_aRU _bДонская ГПБ _c20111109 |
|
| 801 | 2 |
_aRU _bNLR _c20110812 _grcr |
|
| 830 | _aБиблиограф Гаврилова | ||
| 942 | _cBOOK | ||
| 980 | _aNB | ||
| 980 | _aNBR | ||